Πόλη και Πανεπιστήμιο, σχέση συμπλήρωσης και αειφορίας : η περίπτωση της πόλης της Ρόδου : διπλωματική εργασία [μεταπτυχιακή εργασία]
Αποθηκεύτηκε σε:
| Κύριος συγγραφέας: | |
|---|---|
| Συγγραφή απο Οργανισμό/Αρχή: | |
| Άλλοι συγγραφείς: | |
| Μορφή: | Thesis Βιβλίο |
| Γλώσσα: | Greek |
| Δημοσίευση: |
2013.
|
| Θέματα: | |
| Διαθέσιμο Online: | http://hdl.handle.net/11610/15761 |
| Ετικέτες: |
Προσθήκη ετικέτας
Δεν υπάρχουν, Καταχωρήστε ετικέτα πρώτοι!
|
MARC
| LEADER | 00000cam a2200000 i 4500 | ||
|---|---|---|---|
| 001 | 1/36949 | ||
| 008 | 131008s2013 gr | ||| |||| ||gre|| | ||
| 035 | |l 10115745 | ||
| 040 | |a GR-MyUa |b gre |e AACR2 | ||
| 041 | 0 | |a gre | |
| 082 | 7 | |a 378.495 |2 (22) | |
| 100 | 1 | |a Ξάνθης, Αγαπητός Ι. | |
| 245 | 1 | 0 | |a Πόλη και Πανεπιστήμιο, σχέση συμπλήρωσης και αειφορίας : |b η περίπτωση της πόλης της Ρόδου : διπλωματική εργασία [μεταπτυχιακή εργασία] / |c Αγαπητός Ξάνθης ; επιβλέπουσα: Περσεφόνη Φώκιαλη. |
| 260 | |c 2013. | ||
| 300 | |a 164 σ. : |b πίν., σχεδ. ; |c 30 εκ. | ||
| 500 | |a Μέλη εξεταστικής επιτροπής: Καϊλα Μαρία, Νικόλαος Ανδρεαδάκης. | ||
| 502 | |a Διατριβή (μεταπτυχιακή) – Πανεπιστήμιο Αιγαίου, Ρόδος, 2013. | ||
| 504 | |a Βιβλιογραφία: σ. 157-164. | ||
| 610 | 2 | 0 | |a Πανεπιστήμιο Αιγαίου. |
| 650 | 0 | |a Universities and colleges. | |
| 650 | 0 | |a Sustainable development |z Greece |z Rhodes. | |
| 650 | 0 | |a Sustainable development |x Environmental aspects. | |
| 650 | 0 | |a Dissertations, Academic |z Greece. | |
| 651 | 0 | |a Rhodes (Greece) |x Environmental conditions. | |
| 700 | 1 | |a Φώκιαλη, Περσεφόνη, |e dgsf [Επιβλέπουσα καθηγήτρια] | |
| 710 | 2 | |a Πανεπιστήμιο Αιγαίου |b Σχολή Ανθρωπιστικών Επιστημών |b Τμήμα Επιστημών της Προσχολικής Αγωγής και του Εκπαιδευτικού Σχεδιασμού |b Πρόγραμμα Μεταπτυχιακών Σπουδών Περιβαλλοντική Εκπαίδευση. | |
| 852 | |a INST |b RHODES |c DIATR |e 20131008 |h 378.495 ΞΑΝ |p 005400035601 |q 005400035601 |t MTXE |y 23 | ||
| 852 | |a INST |b RHODES |c DIATR |e 20131008 |h 378.495 ΞΑΝ |p 005400035602 |q 005400035602 |t MTXE |y 23 | ||
| 856 | |u http://hdl.handle.net/11610/15761 | ||
| 901 | |a BIBL4-2013-3 | ||
| 924 | |a ΞΑΝΘΗΣ |b ΑΓΑΠΗΤΟΣ |y Ρόδος |z 2013-04 | ||
| 970 | |z 2013/10/08 | ||